[Event "GRE-ch U20"]
[Site "Chania"]
[Date "2003.04.22"]
[Round "4"]
[White "Konstantelias, Konstantinos"]
[Black "Kourdoupalos, Sotirios"]
[Result "1-0"]
[WhiteElo "1555"]
[BlackElo "1650"]
[PlyCount "63"]
[EventDate "2003.04.??"]
[EventType "swiss"]
[EventRounds "7"]
[EventCountry "GRE"]
[SourceTitle "EXT 2005"]
[Source "ChessBase"]
[SourceDate "2004.11.15"]
[SourceVersion "1"]
[SourceVersionDate "2004.11.15"]
[SourceQuality "1"]

1. e4 d6 2. d4 Nf6 3. Nc3 g6 4. Bg5 Bg7 5. Be2 Nbd7 6. Qd2 h6 7. Be3 c6 8. f4 0-0 9. 0-0-0 b5 10. Bf3 Nb6 11. h3 Nc4 12. Qd3 Nxe3 13. Qxe3 b4 14. Nce2 Qa5 15. Kb1 e5 16. dxe5 dxe5 17. g3 Rb8 18. Nc1 Be6 19. Rh2 Rb6 20. Nb3 Qa4 21. Ne2 Rc8 22. Nec1 exf4 23. gxf4 Bf8 24. Nd4 c5 25. Nxe6 Rxe6 26. e5 c4 27. Qg1 c3 28. exf6 cxb2 29. Nd3 Ra6 30. Bd5 Rc3 31. Qxg6+ Kh8 32. Qxf7 1-0

[Event "GRE-ch U20"]
[Site "Chania"]
[Date "2003.04.21"]
[Round "3"]
[White "Kourdoupalos, Sotirios"]
[Black "Diapetis, Alexandros"]
[Result "1-0"]
[WhiteElo "1650"]
[BlackElo "1905"]
[PlyCount "45"]
[EventDate "2003.04.??"]
[EventType "swiss"]
[EventRounds "7"]
[EventCountry "GRE"]
[SourceTitle "EXT 2005"]
[Source "ChessBase"]
[SourceDate "2004.11.15"]
[SourceVersion "1"]
[SourceVersionDate "2004.11.15"]
[SourceQuality "1"]

1. d4 d5 2. c4 e6 3. Nc3 c6 4. Nf3 Nf6 5. Bg5 h6 6. Bh4 dxc4 7. a4 Bb4 8. Bxf6 Qxf6 9. e3 b5 10. Be2 Bb7 11. 0-0 a6 12. Ne5 0-0 13. Bf3 Qe7 14. axb5 cxb5 15. Nxb5 axb5 16. Rxa8 Bxa8 17. Bxa8 Bd6 18. f4 Rc8 19. Qh5 Qa7 20. Be4 f5 21. Bb1 Bxe5 22. fxe5 Kh7 23. Bxf5+ 1-0